000 00221nam a22000977a 4500
100 _a Brassard, Gilles
245 _aFundamentals Of Algorithmics
260 _aNew Delhi
_bPrentice- Hall
_c2004
300 _a524
_bPB
942 _cBK
999 _c23280
_d23280